| 000 | 00615nam a2200229Ia 4500 | ||
|---|---|---|---|
| 003 | OSt | ||
| 005 | 20220928110213.0 | ||
| 006 | a|||||r|||| 00| 0 | ||
| 007 | ta | ||
| 008 | 220927b |||||||| |||| 00| 0 eng d | ||
| 024 | _a43569 | ||
| 037 | _cTextual | ||
| 040 |
_aSDCL _cSDCL _beng |
||
| 041 |
_2eng _aeng |
||
| 082 | _aV242:51'N47, N1 | ||
| 100 |
_aJakhadh Ramsingh _9418520 |
||
| 245 | 0 | _aSwatantrata sangram me Haryana ka yogdaan | |
| 260 |
_aRohtak _bHaryana _c1991 |
||
| 300 |
_a445p _ccm. |
||
| 942 |
_hV242:51'N47, N1 _cTEXL _2CC |
||
| 999 |
_c734538 _d734538 |
||